000
00301nam a2200121Ia 4500
005
20251222154326.0
008
251222s9999||||xx |||||||||||||| ||spa||
020
_a
84-277-0631-6
082
_a
372.6/R84
100
_a
"Rosales, Carlos"
245
0
_a
Didáctica de la comunicación verbal
942
_c
LIB
999
_c
33953
_d
33953